| 000 -LEADER |
| fixed length control field |
00860cam a2200265 a 4500 |
| 020 ## - INTERNATIONAL STANDARD BOOK NUMBER |
| ISBN |
0471870927 |
| 020 ## - INTERNATIONAL STANDARD BOOK NUMBER |
| ISBN |
9780471870920 |
| 040 ## - CATALOGING SOURCE |
| Transcribing agency |
DLC |
| 082 ## - DEWEY DECIMAL CLASSIFICATION NUMBER |
| Classification number |
111 KWA 1984 C260 Or. |
| 100 1# - MAIN ENTRY--AUTHOR NAME |
| Personal name |
Gomez, Kwanchai A. |
| 245 10 - TITLE STATEMENT |
| Title |
Statistical procedures for agricultural research / |
| 250 ## - EDITION STATEMENT |
| Edition statement |
2nd ed. |
| 260 ## - PUBLICATION, DISTRIBUTION, ETC. (IMPRINT) |
| Place of publication |
New York : |
| Name of publisher |
Wiley, |
| Year of publication |
c1984 (Reprint 2011). |
| 300 ## - PHYSICAL DESCRIPTION |
| Number of Pages |
xvi, 680 p. : |
| Other physical details |
ill. ; |
| Dimensions |
24 cm. |
| 500 ## - GENERAL NOTE |
| General note |
"An International Rice Research Institute book." |
| 500 ## - GENERAL NOTE |
| General note |
"A Wiley-Interscience publication." |
| 500 ## - GENERAL NOTE |
| General note |
Previously published as: Statistical procedures for agricultural research with emphasis on rice / K.A. Gomez, A.A. Gomez. |
| 500 ## - GENERAL NOTE |
| General note |
Includes index. |
| 650 #0 - SUBJECT ADDED ENTRY--TOPICAL TERM |
| Topical Term |
Agriculture |
| 650 #0 - SUBJECT ADDED ENTRY--TOPICAL TERM |
| Topical Term |
Rice |
| 650 #0 - SUBJECT ADDED ENTRY--TOPICAL TERM |
| Topical Term |
Field experiments |
| 700 1# - ADDED ENTRY--PERSONAL NAME |
| Personal name |
Gomez, Arturo A. |
| 700 1# - ADDED ENTRY--PERSONAL NAME |
| Personal name |
Gomez, Kwanchai A. |
| 942 ## - ADDED ENTRY ELEMENTS (KOHA) |
| Koha item type |
ADB |
| 952 ## - LOCATION AND ITEM INFORMATION (KOHA) |
| Withdrawn status [LOCAL, KOHA] |
0 |